Сегнетоэлектрики и пьезоэлектрики: сборник научных трудов

Bibliografiske detaljer
Institution som forfatter: Калининский государственный университет
Andre forfattere: Рудяк В. М. Владимир Моисеевич (редактор)
Sprog:russisk
Udgivet: Калинин, КГУ, 1989
Fag:
Format: Bog
KOHA link:https://koha.lib.tpu.ru/cgi-bin/koha/opac-detail.pl?biblionumber=88580

MARC

LEADER 00000nam0a2200000 4500
001 88580
005 20231031102702.0
020 |a RU  |b 90-6489 
035 |a (RuTPU)RU\TPU\book\95064 
090 |a 88580 
100 |a 20051227d1989 k y0rusy5003 ca 
101 0 |a rus 
102 |a RU 
105 |a a z 001zy 
200 1 |a Сегнетоэлектрики и пьезоэлектрики  |e сборник научных трудов  |f Калининский государственный университет; под ред. В. М. Рудяка 
210 |a Калинин  |c КГУ  |d 1989 
215 |a 179 с.  |c ил. 
320 |a Библиография в конце статей 
610 1 |a сегнетоэлектрики 
610 1 |a пьезоэлектрики 
610 1 |a сборники 
610 1 |a физика 
675 |a 537.226.4  |z rus 
675 |a 537.226.8  |z rus 
702 1 |a Рудяк  |b В. М.  |g Владимир Моисеевич  |4 340 
712 0 2 |a Калининский государственный университет  |2 stltpush  |3 (RuTPU)RU\TPU\col\6821 
801 0 |a RU  |b RuMRKP  |c 19950417  |g psbo 
801 1 |a RU  |b 63413507  |c 20051227  |g PSBO 
801 2 |a RU  |b 63413507  |c 20060221  |g PSBO 
942 |c BK